[Event "EU-chT Seniors 12th"]
[Site "Dresden"]
[Date "2010.02.12"]
[Round "3"]
[White "Westerinen, Heikki MJ"]
[Black "Hoen, Ragnar Harald"]
[Result "1-0"]
[WhiteElo "2333"]
[BlackElo "2259"]
[PlyCount "53"]
[EventDate "2010.02.10"]
[EventType "team-swiss"]
[EventRounds "9"]
[EventCountry "GER"]
[SourceTitle "CBM 134 Extra"]
[Source "ChessBase"]
[SourceDate "2010.03.03"]
[SourceVersion "1"]
[SourceVersionDate "2010.03.03"]
[SourceQuality "1"]
[WhiteTeam "Finland (Seniors)"]
[BlackTeam "Norway (Seniors)"]
[WhiteTeamCountry "FIN"]
[BlackTeamCountry "NOR"]

1. e4 e5 2. Nf3 Nf6 3. Nxe5 d6 4. Nf3 Nxe4 5. Bd3 Nf6 6. 0-0 Be7 7. h3 0-0 8. c3 Nbd7 9. Bc2 Re8 10. d4 c6 11. Nbd2 Nf8 12. Re1 Ng6 13. Nf1 Be6 14. Ng5 Bd7 15. Ng3 Bf8 16. Rxe8 Qxe8 17. Bd2 d5 18. Nh5 Ne4 19. Bxe4 dxe4 20. Qe2 c5 21. Nxe4 Kh8 22. Re1 cxd4 23. cxd4 Bc6 24. Nc3 Qxe2 25. Rxe2 Rd8 26. Be3 Rd7 27. Rd2 1-0

[Event "EU-chT Seniors 11th"]
[Site "Velden"]
[Date "2009.04.07"]
[Round "3"]
[White "Hoen, Ragnar Harald"]
[Black "Ghijsen, Pim"]
[Result "0-1"]
[WhiteElo "2273"]
[BlackElo "2165"]
[PlyCount "102"]
[EventDate "2009.04.05"]
[EventType "team-swiss"]
[EventRounds "9"]
[EventCountry "AUT"]
[SourceTitle "CBM 129 Extra"]
[Source "ChessBase"]
[SourceDate "2009.05.05"]
[SourceVersion "2"]
[SourceVersionDate "2009.05.20"]
[SourceQuality "1"]

1. e4 c5 2. Nf3 d6 3. d4 cxd4 4. Nxd4 Nf6 5. Nc3 a6 6. Bc4 e6 7. Bb3 Nc6 8. 0-0 Be7 9. Be3 0-0 10. h3 Qc7 11. f4 b5 12. a3 Na5 13. f5 Nxb3 14. Nxb3 e5 15. Qf3 Bb7 16. Rad1 a5 17. Rf2 b4 18. axb4 axb4 19. Nd5 Bxd5 20. exd5 Qc4 21. g4 Qe4 22. Kg2 Rfc8 23. g5 Qxf3+ 24. Kxf3 Nd7 25. Rg2 Bd8 26. Rdd2 Bb6 27. Rg4 Bxe3 28. Kxe3 Nb6 29. Kf3 Rc4 30. Rxc4 Nxc4 31. Re2 Nxb2 32. Re4 Na4 33. Rxb4 Nc3 34. Rb6 Rd8 35. Na5 e4+ 36. Kf2 e3+ 37. Ke1 Nxd5 38. Rb3 Nf4 39. Nc6 Re8 40. Ne7+ Kf8 41. f6 Ra8 42. Rb1 g6 43. Nc6 Ke8 44. Nd4 Kd7 45. Kd1 Kc7 46. h4 Ra4 47. Ne2 Ne6 48. Nc3 Rxh4 49. Ke2 Nxg5 50. Nd5+ Kd7 51. Kxe3 Ke6 0-1

[Event "EU-chT Seniors 10th"]
[Site "Dresden"]
[Date "2008.02.16"]
[Round "6.1"]
[White "Van Geffen, Ben"]
[Black "Hoen, Ragnar Harald"]
[Result "1-0"]
[WhiteElo "2150"]
[BlackElo "2284"]
[PlyCount "61"]
[EventDate "2008.02.11"]
[EventType "team-swiss"]
[EventRounds "9"]
[EventCountry "GER"]
[SourceTitle "CBM 122 Extra"]
[Source "ChessBase"]
[SourceDate "2008.03.04"]
[SourceVersion "1"]
[SourceVersionDate "2008.03.04"]
[SourceQuality "1"]
[WhiteTeam "DD Oranjeteam"]
[BlackTeam "Norway"]
[WhiteTeamCountry "NED"]
[BlackTeamCountry "NOR"]

1. e4 e5 2. Nf3 Nc6 3. d4 exd4 4. Bc4 d6 5. Nxd4 Be7 6. 0-0 Nf6 7. Nc3 0-0 8. h3 a6 9. Nxc6 bxc6 10. f4 Nxe4 11. Nxe4 d5 12. Bd3 dxe4 13. Bxe4 Bc5+ 14. Kh1 Qh4 15. Qf3 Rb8 16. b3 Bd4 17. c3 Bf6 18. Ba3 Rd8 19. Rad1 Be6 20. Bxc6 Bf5 21. Rd5 Rxd5 22. Bxd5 Re8 23. Bc5 Re1 24. Kg1 Be7 25. Bf2 Rxf1+ 26. Kxf1 Qf6 27. Bd4 Qd6 28. b4 h6 29. Bc4 Kh7 30. Bxf7 Bf6 31. Qe3 1-0

[Event "EU-chT Seniors 10th"]
[Site "Dresden"]
[Date "2008.02.12"]
[Round "2.1"]
[White "Hoen, Ragnar Harald"]
[Black "Bonner, Gerald"]
[Result "0-1"]
[WhiteElo "2284"]
[BlackElo "2225"]
[PlyCount "56"]
[EventDate "2008.02.11"]
[EventType "team-swiss"]
[EventRounds "9"]
[EventCountry "GER"]
[SourceTitle "CBM 122 Extra"]
[Source "ChessBase"]
[SourceDate "2008.03.04"]
[SourceVersion "1"]
[SourceVersionDate "2008.03.04"]
[SourceQuality "1"]
[WhiteTeam "Norway"]
[BlackTeam "Scotland"]
[WhiteTeamCountry "NOR"]
[BlackTeamCountry "SCO"]

1. e4 e6 2. d4 d5 3. Nc3 dxe4 4. Nxe4 Bd7 5. Nf3 Bc6 6. Bd3 Nd7 7. 0-0 Ngf6 8. Qe2 Be7 9. c4 Bxe4 10. Bxe4 Nxe4 11. Qxe4 c6 12. Bd2 Nf6 13. Qe2 0-0 14. Bc3 Qc7 15. Rfe1 Rfe8 16. g3 h6 17. Rad1 c5 18. b3 cxd4 19. Nxd4 Rad8 20. Nb5 Qb6 21. Bd4 Bc5 22. Be5 Rxd1 23. Rxd1 Bxf2+ 24. Kg2 Qe3 25. Qxe3 Bxe3 26. Bxf6 gxf6 27. Rd7 Bc5 28. Rxb7 Rd8 0-1

[Event "NOR-chB"]
[Site "Moss"]
[Date "2006.07.13"]
[Round "7"]
[White "Fotland, Hans Christian"]
[Black "Hoen, Ragnar Harald"]
[Result "1/2-1/2"]
[WhiteElo "1859"]
[BlackElo "2319"]
[PlyCount "109"]
[EventDate "2006.07.08"]
[EventType "swiss"]
[EventRounds "9"]
[EventCountry "NOR"]
[SourceTitle "EXT 2007"]
[Source "ChessBase"]
[SourceDate "2006.11.23"]
[SourceVersion "1"]
[SourceVersionDate "2006.11.23"]
[SourceQuality "1"]

1. d4 d5 2. c4 e6 3. Nc3 Be7 4. Nf3 Nf6 5. Bg5 h6 6. Bh4 dxc4 7. e3 a6 8. Bxc4 b5 9. Bd3 Bb7 10. 0-0 Nbd7 11. Qe2 0-0 12. e4 Nh5 13. Bg3 Nxg3 14. hxg3 c5 15. Rfd1 cxd4 16. Nxd4 Ne5 17. Bc2 Qb6 18. Qh5 Rad8 19. Nce2 Nc6 20. Nxc6 Qxc6 21. Rxd8 Rxd8 22. Re1 Rd2 23. Bb1 Qd7 24. Qf3 Rxb2 25. Qe3 e5 26. Kf1 Rd2 27. Kg1 Bg5 28. f4 Bf6 29. Kh2 h5 30. Ng1 Rd1 31. Nf3 Rxe1 32. Qxe1 Qd6 33. f5 a5 34. Qe3 b4 35. Bc2 Bd8 36. Qa7 Bc6 37. Qa6 Qc7 38. Qc4 Bb7 39. Qd3 Be7 40. Ba4 Qd6 41. Qc2 Kf8 42. Bb5 g6 43. fxg6 fxg6 44. Qc1 Kg7 45. Qe3 Qe6 46. Qe2 Bf6 47. Bc4 Qg4 48. Bd3 Bc6 49. Qc2 Qd7 50. Qc5 Qxd3 51. Qxc6 Qc3 52. Qd7+ Kh6 53. Qe6 Kg7 54. Qd7+ Kh6 55. Qe6 1/2-1/2

[Event "NOR-chB"]
[Site "Moss"]
[Date "2006.07.11"]
[Round "5"]
[White "Hoen, Ragnar Harald"]
[Black "Aasum, Anker"]
[Result "1-0"]
[WhiteElo "2319"]
[BlackElo "1523"]
[PlyCount "69"]
[EventDate "2006.07.08"]
[EventType "swiss"]
[EventRounds "9"]
[EventCountry "NOR"]
[SourceTitle "EXT 2007"]
[Source "ChessBase"]
[SourceDate "2006.11.23"]
[SourceVersion "1"]
[SourceVersionDate "2006.11.23"]
[SourceQuality "1"]

1. e4 Nf6 2. e5 Nd5 3. d4 d6 4. Nf3 Bg4 5. Be2 e6 6. 0-0 Be7 7. c4 Nb6 8. exd6 cxd6 9. Nc3 N8d7 10. b3 0-0 11. a4 Nf6 12. Be3 a6 13. Re1 Nbd7 14. Qd2 b6 15. h3 Bh5 16. b4 d5 17. c5 bxc5 18. bxc5 Ne4 19. Qc2 f5 20. c6 Qc7 21. Nxe4 dxe4 22. Ng5 Bxg5 23. Bxg5 Bxe2 24. Rxe2 Nb8 25. Rc1 Rc8 26. Qb3 Qd6 27. Bf4 Qd5 28. Qxd5 exd5 29. c7 Nd7 30. Rb2 Kf7 31. Rc6 Ra7 32. Rb8 Rcxc7 33. Bxc7 Nxb8 34. Bxb8 Ra8 35. Rb6 1-0

[Event "EU-chT Seniors 08th"]
[Site "Dresden"]
[Date "2006.02.24"]
[Round "8"]
[White "Byway, Paul V"]
[Black "Hoen, Ragnar Harald"]
[Result "1/2-1/2"]
[WhiteElo "2203"]
[BlackElo "2280"]
[PlyCount "25"]
[EventDate "2006.02.17"]
[EventType "team-swiss"]
[EventRounds "8"]
[EventCountry "GER"]
[SourceTitle "CBM 111 Extra"]
[Source "ChessBase"]
[SourceDate "2006.05.09"]
[SourceVersion "1"]
[SourceVersionDate "2006.05.09"]
[SourceQuality "1"]
[WhiteTeam "Great Britain II"]
[BlackTeam "Norway"]
[WhiteTeamCountry "GBR"]
[BlackTeamCountry "NOR"]

1. d4 d5 2. c4 e6 3. Nc3 Nf6 4. Bg5 Be7 5. cxd5 exd5 6. e3 0-0 7. Qc2 c6 8. Bd3 Nbd7 9. Nf3 Re8 10. 0-0 Nf8 11. Bxf6 Bxf6 12. b4 Bg4 13. Nd2 1/2-1/2

[Event "EU-chT Seniors 08th"]
[Site "Dresden"]
[Date "2006.02.17"]
[Round "1"]
[White "Hoen, Ragnar Harald"]
[Black "Strand, Karl Wilhelm"]
[Result "1-0"]
[WhiteElo "2280"]
[BlackElo "2062"]
[PlyCount "71"]
[EventDate "2006.02.17"]
[EventType "team-swiss"]
[EventRounds "8"]
[EventCountry "GER"]
[SourceTitle "CBM 111 Extra"]
[Source "ChessBase"]
[SourceDate "2006.05.09"]
[SourceVersion "1"]
[SourceVersionDate "2006.05.09"]
[SourceQuality "1"]
[WhiteTeam "Norway"]
[BlackTeam "Norway II"]
[WhiteTeamCountry "NOR"]
[BlackTeamCountry "NOR"]

1. e4 e6 2. d4 d5 3. Nc3 Bb4 4. Bd3 dxe4 5. Bxe4 Nf6 6. Bg5 h6 7. Bxf6 Qxf6 8. Nf3 Nd7 9. 0-0 0-0 10. Qe2 c6 11. Bd3 Bxc3 12. bxc3 Qf4 13. Rfe1 Re8 14. g3 Qc7 15. c4 Nf8 16. c5 Bd7 17. Ne5 b5 18. c3 Red8 19. a4 a6 20. Qf3 Be8 21. axb5 cxb5 22. Be4 Ra7 23. Qe3 f6 24. Nd3 a5 25. f4 Bc6 26. f5 exf5 27. Bxf5 Bd5 28. Nf4 Bf7 29. Be4 g5 30. Nd3 Qd7 31. Qf2 Kg7 32. Rf1 Ra6 33. c6 Rxc6 34. Bxc6 Qxc6 35. Rxa5 Bg6 36. Nc5 1-0

[Event "EU-chT Seniors 07th"]
[Site "Dresden"]
[Date "2005.02.22"]
[Round "5"]
[White "Hoen, Ragnar Harald"]
[Black "Barlocco, Carlo"]
[Result "1/2-1/2"]
[WhiteElo "2271"]
[BlackElo "2156"]
[PlyCount "42"]
[EventDate "2005.02.18"]
[EventType "team-swiss"]
[EventRounds "8"]
[EventCountry "GER"]
[SourceTitle "EXT 2006"]
[Source "ChessBase"]
[SourceDate "2005.11.24"]
[SourceVersion "1"]
[SourceVersionDate "2005.11.24"]
[SourceQuality "1"]

1. e4 Nc6 2. Nf3 d6 3. d4 Bg4 4. Be3 e6 5. Nc3 d5 6. exd5 exd5 7. h3 Bh5 8. a3 Nf6 9. Be2 Be7 10. Ne5 Bxe2 11. Qxe2 0-0 12. 0-0 Re8 13. Qf3 Bf8 14. Nxc6 bxc6 15. Bg5 Be7 16. Bf4 Rb8 17. b3 Bd6 18. Rfe1 Bxf4 19. Qxf4 Qd6 20. Qxd6 cxd6 21. f3 Kf8 1/2-1/2

[Event "EU-chT Seniors 06th"]
[Site "Dresden"]
[Date "2004.02.26"]
[Round "5.2"]
[White "Hoen, Ragnar Harald"]
[Black "Brameyer, Hermann"]
[Result "1/2-1/2"]
[WhiteElo "2276"]
[BlackElo "2286"]
[PlyCount "152"]
[EventDate "2004.02.22"]
[EventType "team-swiss"]
[EventRounds "7"]
[EventCountry "GER"]
[SourceTitle "CBM 099 Extra"]
[Source "ChessBase"]
[SourceDate "2004.05.04"]
[SourceVersion "1"]
[SourceVersionDate "2004.05.04"]
[SourceQuality "1"]
[WhiteTeam "Norway"]
[BlackTeam "Berlin"]
[WhiteTeamCountry "NOR"]
[BlackTeamCountry "GER"]

1. e4 c5 2. Nf3 e6 3. d4 cxd4 4. Nxd4 Nc6 5. Nc3 Qc7 6. Be3 a6 7. a3 Nf6 8. Be2 d6 9. 0-0 Be7 10. f4 0-0 11. Bd3 Bd7 12. Nb3 b5 13. Qe2 Rfb8 14. Bf2 b4 15. axb4 Nxb4 16. Bh4 Nxd3 17. Qxd3 Bc6 18. Kh1 a5 19. e5 dxe5 20. fxe5 Nd5 21. Bxe7 Nxe7 22. Qd6 Qxd6 23. exd6 Nf5 24. Rxa5 Nxd6 25. Rc5 Rc8 26. Kg1 Bb7 27. Rd1 Nc4 28. Rxc8+ Rxc8 29. Nc5 Bc6 30. b4 Ne3 31. Rd2 Kf8 32. Nd1 Nc4 33. Rd4 Bb5 34. Nc3 Na3 35. Nxb5 Nxb5 36. Rd7 Rc7 37. Rd3 Ke7 38. Kf2 f6 39. h4 g6 40. c3 Ra7 41. Kf3 Nd6 42. g4 h6 43. Re3 e5 44. g5 Nf5 45. gxf6+ Kxf6 46. Rd3 Nxh4+ 47. Ke4 Nf5 48. b5 Rc7 49. Rd5 Ne7 50. Rxe5 Nc8 51. Kd4 g5 52. Re6+ Kf5 53. Rxh6 g4 54. b6 Nxb6 55. Rxb6 g3 56. Ne4 g2 57. Rf6+ Kg4 58. Rg6+ Kh3 59. Ke3 Kh2 60. Rh6+ Kg1 61. Kf3 Rf7+ 62. Ke2 Rf2+ 63. Ke3 Rf8 64. Rg6 Kh2 65. Rh6+ Kg1 66. c4 Re8 67. Kf3 Rf8+ 68. Ke3 Re8 69. Kf3 Rf8+ 70. Ke2 Re8 71. Rh4 Re5 72. Ke1 Re8 73. c5 Re5 74. c6 Rc5 75. Rh6 Re5 76. Rh4 Rc5 1/2-1/2

[Event "NOR-ch Seniors-A"]
[Site "Fredrikstad"]
[Date "2003.07.05"]
[Round "1"]
[White "Rangoy, Helge"]
[Black "Hoen, Ragnar Harald"]
[Result "0-1"]
[WhiteElo "1632"]
[BlackElo "2254"]
[PlyCount "76"]
[EventDate "2003.07.??"]
[EventType "swiss"]
[EventRounds "7"]
[EventCountry "NOR"]
[SourceTitle "CBM 095 Extra"]
[Source "ChessBase"]
[SourceDate "2003.09.04"]
[SourceVersion "1"]
[SourceVersionDate "2003.09.04"]
[SourceQuality "1"]

1. e4 e5 2. Nf3 Nf6 3. Nc3 Nc6 4. Bc4 Be7 5. 0-0 d6 6. h3 0-0 7. d4 exd4 8. Nxd4 Nd7 9. Nf5 Bf6 10. Nd5 Nb6 11. Nxb6 axb6 12. c3 Re8 13. Bd3 Bxf5 14. exf5 d5 15. Bb5 Qd6 16. Be3 Re4 17. Bxc6 bxc6 18. Qc2 Rae8 19. Rad1 c5 20. Rfe1 h5 21. Bd2 Rxe1+ 22. Rxe1 Rxe1+ 23. Bxe1 d4 24. Qe4 Kf8 25. a3 c6 26. Qd3 h4 27. Bd2 Bd8 28. g4 hxg3 29. Qxg3 Qd5 30. Qg4 Bf6 31. Qh5 Kg8 32. Qe2 d3 33. Qg4 c4 34. f4 Qe4 35. Qg2 Qxf5 36. Kh2 Qe6 37. Qf3 Bh4 38. Kg2 Qe2+ 0-1

[Event "EU-chT Seniors 05th"]
[Site "Dresden"]
[Date "2003.02.27"]
[Round "5.2"]
[White "Nautsch, Werner"]
[Black "Hoen, Ragnar Harald"]
[Result "1/2-1/2"]
[WhiteElo "2279"]
[BlackElo "2269"]
[PlyCount "119"]
[EventDate "2003.02.23"]
[EventType "team-swiss"]
[EventRounds "7"]
[EventCountry "GER"]
[SourceTitle "EXT 2005"]
[Source "ChessBase"]
[SourceDate "2004.11.15"]
[SourceVersion "1"]
[SourceVersionDate "2004.11.15"]
[SourceQuality "1"]

1. d4 Nf6 2. c4 e6 3. Nc3 d5 4. Nf3 Be7 5. Bg5 0-0 6. e3 b6 7. Bd3 Bb7 8. 0-0 Nbd7 9. Rc1 c5 10. Qe2 a6 11. b3 Re8 12. Rfd1 Qc7 13. Bb1 Bd6 14. e4 cxd4 15. Rxd4 Bc5 16. Rd2 dxe4 17. Nxe4 Nxe4 18. Bxe4 Nf8 19. Rcd1 f6 20. Bxb7 Qxb7 21. Be3 Qc7 22. Bxc5 bxc5 23. Rd3 Rad8 24. Qd2 Rxd3 25. Qxd3 Re7 26. Qe3 Rd7 27. Rxd7 Qxd7 28. g3 Qd6 29. Ne1 e5 30. Nd3 Ne6 31. Qe4 Qd4 32. Qd5 Kf7 33. b4 cxb4 34. Nxb4 Qxd5 35. Nxd5 Nc5 36. Kf1 Ke6 37. Ke2 Kd6 38. h4 f5 39. h5 a5 40. Kf3 Ne4 41. Ne3 g6 42. g4 Ng5+ 43. Ke2 f4 44. hxg6 hxg6 45. Nc2 Kc5 46. Kd3 e4+ 47. Kc3 Ne6 48. Ne1 Nd4 49. g5 a4 50. Ng2 Ne2+ 51. Kd2 Kxc4 52. Nh4 Nd4 53. Nxg6 Nf3+ 54. Kc2 e3 55. fxe3 fxe3 56. Nf4 Nxg5 57. Ng2 Kd4 58. Nxe3 Kxe3 59. Kc3 Ne4+ 60. Kb4 1/2-1/2

[Event "EU-chT Seniors 05th"]
[Site "Dresden"]
[Date "2003.02.26"]
[Round "4.2"]
[White "Hoen, Ragnar Harald"]
[Black "Lieb, Harald"]
[Result "1/2-1/2"]
[WhiteElo "2269"]
[BlackElo "2336"]
[PlyCount "55"]
[EventDate "2003.02.23"]
[EventType "team-swiss"]
[EventRounds "7"]
[EventCountry "GER"]
[SourceTitle "EXT 2005"]
[Source "ChessBase"]
[SourceDate "2004.11.15"]
[SourceVersion "1"]
[SourceVersionDate "2004.11.15"]
[SourceQuality "1"]

1. e4 e6 2. d4 d5 3. Nc3 Nf6 4. exd5 exd5 5. Nf3 Be7 6. Be2 0-0 7. 0-0 c6 8. Qd3 Nbd7 9. Bd2 Bd6 10. Rae1 Re8 11. Bd1 Nf8 12. Rxe8 Nxe8 13. Re1 Nc7 14. Ne2 Nce6 15. c3 Ng6 16. Bc2 Nef8 17. Ng3 Bd7 18. Nf5 Bxf5 19. Qxf5 Nh4 20. Nxh4 Qxh4 21. g3 Qd8 22. h4 Qc8 23. Qf3 g6 24. Kg2 Qd7 25. Bh6 Ne6 26. Qf6 Be7 27. Qf3 Bf8 28. Bxf8 1/2-1/2

[Event "NOR-chT fin"]
[Site "Oslo"]
[Date "2002.05.12"]
[Round "5"]
[White "Hoen, Ragnar Harald"]
[Black "Borchgrevink, Harald"]
[Result "1/2-1/2"]
[WhiteElo "2280"]
[BlackElo "2161"]
[PlyCount "112"]
[EventDate "2002.05.08"]
[EventType "team"]
[EventRounds "5"]
[EventCountry "NOR"]
[SourceTitle "CBM 088 Extra"]
[Source "ChessBase"]
[SourceDate "2002.07.01"]
[SourceVersion "2"]
[SourceVersionDate "2002.07.01"]
[SourceQuality "1"]

1. e4 c5 2. Nf3 e6 3. d4 cxd4 4. Nxd4 a6 5. Nc3 Qc7 6. Bd3 b5 7. Be3 Bb7 8. 0-0 Nf6 9. a3 d6 10. f4 Nbd7 11. Qe2 Be7 12. Bf2 Nc5 13. Rae1 Nfd7 14. Nf3 Nb6 15. e5 Nd5 16. Nxd5 Bxd5 17. f5 Nxd3 18. cxd3 dxe5 19. Nxe5 0-0 20. fxe6 fxe6 21. Rc1 Qb7 22. Bd4 Bg5 23. Rxf8+ Rxf8 24. Rf1 Rxf1+ 25. Qxf1 Qc7 26. Nf3 Bf4 27. Qe2 Qd6 28. Be5 Qc5+ 29. Bd4 Qd6 30. Be5 Qc5+ 31. Bd4 Qc6 32. Ne5 Qc1+ 33. Kf2 Bxh2 34. Nf3 Qf4 35. Be3 Bg3+ 36. Kf1 Qf5 37. Bf2 Bf4 38. Qc2 e5 39. Qc3 h5 40. Ke2 Kh7 41. Qc5 Be6 42. g3 Bh6 43. Qxe5 Qg6 44. Be3 Bg4 45. Bxh6 Qxh6 46. Kf2 Qc1 47. Ng5+ Kg6 48. Ne4 Qc2+ 49. Ke3 Qe2+ 50. Kd4 Qxb2+ 51. Kd5 Qb3+ 52. Kd4 Kh7 53. Qd6 Qb2+ 54. Ke3 Qe2+ 55. Kd4 a5 56. Nf6+ gxf6 1/2-1/2

[Event "EU-chT Seniors 04th"]
[Site "Dresden"]
[Date "2002.02.27"]
[Round "3.2"]
[White "Hoen, Ragnar Harald"]
[Black "Rahls, Peter"]
[Result "0-1"]
[WhiteElo "2311"]
[BlackElo "2254"]
[PlyCount "140"]
[EventDate "2002.02.25"]
[EventType "team-swiss"]
[EventRounds "7"]
[EventCountry "GER"]
[SourceTitle "EXT 2005"]
[Source "ChessBase"]
[SourceDate "2004.11.15"]
[SourceVersion "1"]
[SourceVersionDate "2004.11.15"]
[SourceQuality "1"]

1. e4 c5 2. Nf3 e6 3. d4 cxd4 4. Nxd4 Nf6 5. Bd3 Nc6 6. Nb3 d5 7. exd5 Nxd5 8. a3 Qc7 9. 0-0 Bd6 10. h3 0-0 11. c4 Nf4 12. Bxf4 Bxf4 13. Nc3 Ne5 14. Nb5 Qe7 15. Qe2 Nxd3 16. Qxd3 a6 17. Nc3 Rd8 18. Qe4 Qc7 19. Rad1 Bd7 20. Nd4 Bg5 21. c5 Rac8 22. Qf3 Bf6 23. Ne4 Bxd4 24. Rxd4 Bc6 25. Rxd8+ Rxd8 26. Qe3 Qe5 27. Nc3 Qf5 28. Re1 h6 29. Ne4 Bxe4 30. Qxe4 Rd1 31. Qe2 Rxe1+ 32. Qxe1 Qxc5 33. Qd2 Qc7 34. b4 Kf8 35. a4 Ke7 36. b5 axb5 37. Qb4+ Qd6 38. Qxb5 Qd5 39. Qb4+ Kf6 40. a5 Kg6 41. Qb6 Qe4 42. g3 h5 43. a6 bxa6 44. Qxa6 h4 45. gxh4 Qxh4 46. Qd3+ Kh6 47. Qd7 Qf4 48. Qe8 Kg6 49. Qc6 Qg5+ 50. Kf1 Qd5 51. Qc2+ f5 52. Kg1 Kg5 53. Qc3 Kg6 54. Qg3+ Kf7 55. Qc7+ Kf6 56. Qc3+ e5 57. Qb4 Qe6 58. Qh4+ Kf7 59. Qb4 e4 60. Qc5 Kg6 61. Qc7 Kh6 62. Qf4+ Kh5 63. Kh2 g5 64. Qb8 f4 65. Qh8+ Kg6 66. Qd4 e3 67. fxe3 Qxe3 68. Qd6+ Kh5 69. Qd7 Qe2+ 70. Kg1 Kh4 0-1

[Event "Wch Seniors 11th"]
[Site "Arco"]
[Date "2001.10.27"]
[Round "10"]
[White "Trinos, Viacheslav"]
[Black "Hoen, Ragnar Harald"]
[Result "1/2-1/2"]
[WhiteElo "2234"]
[BlackElo "2324"]
[PlyCount "42"]
[EventDate "2001.10.17"]
[EventType "swiss"]
[EventRounds "11"]
[EventCountry "ITA"]
[SourceTitle "EXT 2002"]
[Source "ChessBase"]
[SourceDate "2001.11.25"]
[SourceVersion "1"]
[SourceVersionDate "2001.11.25"]
[SourceQuality "1"]

1. d4 Nf6 2. Nf3 e6 3. c4 d5 4. Nc3 Be7 5. cxd5 exd5 6. Qc2 c6 7. Bg5 0-0 8. e3 Re8 9. Bd3 Nbd7 10. 0-0 Nf8 11. h3 Ne4 12. Bxe7 Qxe7 13. Bxe4 dxe4 14. Nd2 f5 15. Rae1 Be6 16. f3 exf3 17. Nxf3 Ng6 18. e4 fxe4 19. Qxe4 Bd5 20. Qxe7 Rxe7 21. Rxe7 Nxe7 1/2-1/2

[Event "Wch Seniors 11th"]
[Site "Arco"]
[Date "2001.10.25"]
[Round "8"]
[White "Kristiansen, Erling"]
[Black "Hoen, Ragnar Harald"]
[Result "1/2-1/2"]
[WhiteElo "2213"]
[BlackElo "2324"]
[PlyCount "21"]
[EventDate "2001.10.17"]
[EventType "swiss"]
[EventRounds "11"]
[EventCountry "ITA"]
[SourceTitle "EXT 2002"]
[Source "ChessBase"]
[SourceDate "2001.11.25"]
[SourceVersion "1"]
[SourceVersionDate "2001.11.25"]
[SourceQuality "1"]

1. d4 Nf6 2. Nf3 e6 3. c4 d5 4. Bg5 Be7 5. e3 0-0 6. Nc3 b6 7. cxd5 exd5 8. Bb5 c6 9. Bd3 Bb7 10. 0-0 Nbd7 11. Qa4 1/2-1/2

[Event "Wch Seniors 11th"]
[Site "Arco"]
[Date "2001.10.24"]
[Round "7"]
[White "Hoen, Ragnar Harald"]
[Black "Dahlhaus, Friedhelm"]
[Result "1-0"]
[WhiteElo "2324"]
[BlackElo "2237"]
[PlyCount "69"]
[EventDate "2001.10.17"]
[EventType "swiss"]
[EventRounds "11"]
[EventCountry "ITA"]
[SourceTitle "EXT 2002"]
[Source "ChessBase"]
[SourceDate "2001.11.25"]
[SourceVersion "1"]
[SourceVersionDate "2001.11.25"]
[SourceQuality "1"]

1. e4 e5 2. Nf3 Nc6 3. d4 exd4 4. Nxd4 Bc5 5. Be3 Qf6 6. c3 Nge7 7. g3 h5 8. h4 d5 9. Bg2 dxe4 10. Nd2 Bxd4 11. cxd4 Bf5 12. Nxe4 Qg6 13. Nc3 0-0 14. 0-0 Rad8 15. d5 Rfe8 16. Qa4 Ne5 17. Bf4 Nc8 18. Rfe1 f6 19. Qd4 Re7 20. Re3 Rde8 21. Rae1 Nd6 22. b3 Qg4 23. Bxe5 Rxe5 24. Qxg4 Bxg4 25. Rxe5 Rxe5 26. Rc1 Re7 27. f3 Bf5 28. Kf2 Kf7 29. Ne2 g5 30. Nd4 Kg6 31. Bf1 a6 32. Nxf5 Nxf5 33. Bd3 gxh4 34. g4 hxg4 35. fxg4 1-0

[Event "EU-Cup 13th Group3"]
[Site "Slough"]
[Date "1997.09.24"]
[Round "3"]
[White "Bosboom, Manuel"]
[Black "Hoen, Ragnar Harald"]
[Result "1/2-1/2"]
[WhiteElo "2430"]
[BlackElo "2335"]
[PlyCount "73"]
[EventDate "1997.09.22"]
[EventType "team-k.o."]
[EventRounds "3"]
[EventCountry "ENG"]
[SourceTitle "EXT 2020"]
[Source "ChessBase"]
[SourceDate "2019.10.17"]
[SourceVersion "1"]
[SourceVersionDate "2019.10.17"]
[SourceQuality "1"]
[WhiteTeam "Breda Panfox"]
[BlackTeam "Oslo Schakselskap"]
[WhiteTeamCountry "NED"]
[BlackTeamCountry "NOR"]

1. d4 d5 2. c4 e6 3. Nc3 Nf6 4. Nf3 Be7 5. Qc2 0-0 6. Bg5 c6 7. e3 Nbd7 8. a3 Re8 9. Rd1 a5 10. h3 dxc4 11. Bxc4 b5 12. Bd3 b4 13. axb4 axb4 14. Ne2 Qb6 15. 0-0 b3 16. Qb1 Ba6 17. Nc3 c5 18. Bxa6 Rxa6 19. e4 cxd4 20. Rxd4 Ne5 21. Rfd1 Nxf3+ 22. gxf3 h6 23. Be3 Qb7 24. Rc4 Rea8 25. Kg2 Rc8 26. Rxc8+ Qxc8 27. Rd4 e5 28. Nd5 Nxd5 29. Rxd5 Rg6+ 30. Kh2 Qc2 31. Qxc2 bxc2 32. Rd7 Bc5 33. Rc7 Bxe3 34. fxe3 Rb6 35. Rxc2 Rb3 36. Re2 g6 37. Kg3 1/2-1/2